| 000 | 01122nam a2200229Ia 4500 | ||
|---|---|---|---|
| 001 | L238-10948 | ||
| 003 | IT-CnALBA | ||
| 008 | 170116s9999||||xx |||||||||||||| ||und|| | ||
| 040 |
_aIT-CnALBA _cIT-CnALBA |
||
| 041 | _aITALIANO | ||
| 100 | _aIZQUIERDO ANTONIO | ||
| 245 | 0 | _aCATECHISMO DELLA CHIESA CATTOLICA. PRESENTAZIONE SISTEMATICASOTTO FORMA DI DOMANDE E RISPOSTE. | |
| 250 | _a1a ed. | ||
| 260 |
_aCINISELLO BALSAMO (MI) _bEDIZIONI PAOLINE _c1995 [1° Ed.:1995] |
||
| 300 | _a172 p. (prefazione: 7) | ||
| 500 | _aTRADUZIONE DALLO SPAGNOLO DI A. LA MANNA. DOMANDE E RISPOSTE. IL CREDO. PROFESSIONE DI FEDE. PERSONA UMANA. SACRAMENTI. SACRAMENTALI. ESEQUIE. COMANDAMENTI. PREGHIERA. IL PADRE NOSTRO. | ||
| 501 | _aSocietà San Paolo EM - Piazza San Paolo, 14 - 12051 ALBA (CN) (non commercial uses only) ® Copyright 2017 | ||
| 520 | _aTRADUZIONE DALLO SPAGNOLO DI A. LA MANNA. DOMANDE E RISPOSTE. IL CREDO. PROFESSIONE DI FEDE. PERSONA UMANA. SACRAMENTI. SACRAMENTALI. ESEQUIE. COMANDAMENTI. PREGHIERA. IL PADRE NOSTRO. | ||
| 650 | _aSIMBOLI DI FEDE - CATECHISMI | ||
| 942 | _cBK | ||
| 957 | _71 | ||
| 999 |
_a15701 _bNO _g Copie: 1 _c270125 _d270125 |
||